What can I see? (Record no. 1214)

MARC details
000 -LEADER
fixed length control field 00805nam a22002537a 4500
005 - DATE AND TIME OF LATEST TRANSACTION
control field 20230808140943.0
020 ## - INTERNATIONAL STANDARD BOOK NUMBER
International Standard Book Number 9781846433788
040 ## - CATALOGING SOURCE
Original cataloging agency FISKH
Language of cataloging eng
Transcribing agency FISKH
Modifying agency FISKH
050 ## - LIBRARY OF CONGRESS CALL NUMBER
Classification number PZ7.K9483
082 ## - DEWEY DECIMAL CLASSIFICATION NUMBER
Classification number 612.84
100 ## - MAIN ENTRY--PERSONAL NAME
Personal name Kubler, Annie
245 ## - TITLE STATEMENT
Title What can I see?
Statement of responsibility, etc. Annie Kubler
260 ## - PUBLICATION, DISTRIBUTION, ETC.
Place of publication, distribution, etc. Swindon :
Name of publisher, distributor, etc. Child's Play International Ltd.,
Date of publication, distribution, etc. 2011.
300 ## - PHYSICAL DESCRIPTION
Extent 10 unnumbered pages :
Dimensions 12 cm.
505 ## - FORMATTED CONTENTS NOTE
Formatted contents note D
520 ## - SUMMARY, ETC.
Summary, etc. Brilliant board books for toddlers based around senses. Exploring the concept of touch, this title features familiar scenes and fun words to encourage lively chatter.
521 ## - TARGET AUDIENCE NOTE
Target audience note 200 <br/>
Source Lexile estimate
521 ## - TARGET AUDIENCE NOTE
Target audience note D <br/>
Source Raz-Plus
650 ## - SUBJECT ADDED ENTRY--TOPICAL TERM
Source of heading or term eyesite
650 ## - SUBJECT ADDED ENTRY--TOPICAL TERM
Source of heading or term eyes
942 ## - ADDED ENTRY ELEMENTS (KOHA)
Source of classification or shelving scheme Dewey Decimal Classification
Koha item type Books
Suppress in OPAC No
999 ## -
-- 1214
-- 1214
Holdings
Withdrawn status Lost status Source of classification or shelving scheme Damaged status Not for loan Collection Home library Current library Shelving location Date acquired Total Checkouts Full call number Barcode Date last seen Date last checked out Price effective from Koha item type
    Dewey Decimal Classification     Juvenile Fiction Footprints International School Library Network Toul Kork Campus Footprints International School Library Network Toul Kork Campus TK Primary Library Room(4th Floor), Bookcase 7, Shelves 57-60, Dark Green Books 08/08/2023 4 KUB 612.84 PZ7.K9483 2023-0210 04/01/2026 03/02/2026 08/08/2023 Books